Statystyki dla Kraje najbliższe Jordanii przez pierwsze dwie litery

Kliknij tutaj aby rozwiązać quiz!

Ogólne statystyki

  • Ten quiz został rozwiązany 157 razy
  • Średni wynik to 14 z 21

Statystyki odpowiedzi

kmkraj% Poprawnych
0Arabia
Saudyjska
95%
887Armenia
95%
0Izrael
94%
342Turcja
86%
0Irak
85%
601Iran
85%
45Liban
82%
971Libia
82%
7Egipt
80%
0Syria
77%
673Grecja
64%
937Gruzja
64%
868Azerbejdżan
62%
0Palestyna
57%
776Kuwejt
56%
291Cypr
53%
1122Rosja
37%
1269Bahrajn
35%
802Sudan
34%
1233Bułgaria
23%
1269Erytrea
17%

Rozkład punktacji

Percentyl według liczby udzielonych odpowiedzi

Procent ludzi z każdym wynikiem

Twoja historia wyników

Nie rozwiązałeś tego quizu